Հետվիճի երդումը / (Record no. 534829)
[ view plain ]
| 000 -LEADER | |
|---|---|
| fixed length control field | 01460nam a2200301 a 4500 |
| 001 - CONTROL NUMBER | |
| control field | 2018371 |
| 003 - CONTROL NUMBER IDENTIFIER | |
| control field | AM-YEHGA |
| 005 - DATE AND TIME OF LATEST TRANSACTION | |
| control field | 20250714093158.0 |
| 008 - FIXED-LENGTH DATA ELEMENTS--GENERAL INFORMATION | |
| fixed length control field | 250513s1875 tu |||gr|||||00||1|arm|d |
| 040 ## - CATALOGING SOURCE | |
| Original cataloging agency | AM-YEHGA |
| 041 1# - LANGUAGE CODE | |
| Language code of text/sound track or separate title | arm |
| 100 1# - MAIN ENTRY--PERSONAL NAME | |
| Personal name | Աշար, Ամեդէ, |
| Dates associated with a name | 1814-1875 |
| 245 10 - TITLE STATEMENT | |
| Title | Հետվիճի երդումը / |
| Statement of responsibility, etc. | Ա. Աշար ; Թարգմանեց Գ. Մսերեան ; Տէր եւ հրատարակիչ Տիգրան Յարութիւն Տէտէեան. |
| 260 ## - PUBLICATION, DISTRIBUTION, ETC. | |
| Place of publication, distribution, etc. | Զմիւռնիա : |
| Name of publisher, distributor, etc. | Տպագրութիւն Տէտէեան, |
| Date of publication, distribution, etc. | 1875. |
| 300 ## - PHYSICAL DESCRIPTION | |
| Extent | (3 գիրք մեկ կազմի մեջ) ; 92 էջ |
| 500 ## - GENERAL NOTE | |
| General note | Շարվածքը՝ 15x10 սմ։ |
| 501 ## - WITH NOTE | |
| With note | Մեկ կազմի մեջ՝ Լէօն Լէօնի / Ժ. Սան ։ Զմիւռնիա : Տպագրութիւն Տէտէեան ։ 1875 ; Աղքատ երիտասարդի մը վէպը / Օ. Ֆէօյէ ։ Զմիւռնիա : Տպագրութիւն Տէտէեան ։ 1873․ |
| 650 14 - SUBJECT ADDED ENTRY--TOPICAL TERM | |
| Topical term or geographic name entry element | Ֆրանսիական գրականություն |
| 9 (RLIN) | 4810 |
| 651 04 - SUBJECT ADDED ENTRY--GEOGRAPHIC NAME | |
| Geographic name | Իզմիր |
| 9 (RLIN) | 5978 |
| 651 04 - SUBJECT ADDED ENTRY--GEOGRAPHIC NAME | |
| Geographic name | Թուրքիա |
| 700 1# - ADDED ENTRY--PERSONAL NAME | |
| Personal name | Մսերեան, Գրիգոր, |
| Dates associated with a name | 1846-1893 |
| Relator term | թարգմ. |
| Relationship | trl |
| 9 (RLIN) | 6165 |
| 700 1# - ADDED ENTRY--PERSONAL NAME | |
| Personal name | Սանդ, Ժորժ, |
| Dates associated with a name | 1804-1876 |
| 9 (RLIN) | 6723 |
| 700 1# - ADDED ENTRY--PERSONAL NAME | |
| Personal name | Տէտէեան, Տիգրան Յարութիւն, |
| Dates associated with a name | 1832-1868 |
| Relator term | հրատ. |
| Relationship | pbl |
| 9 (RLIN) | 3983 |
| 700 1# - ADDED ENTRY--PERSONAL NAME | |
| Personal name | Ֆէօյէ, Օկտավ |
| 740 02 - ADDED ENTRY--UNCONTROLLED RELATED/ANALYTICAL TITLE | |
| Uncontrolled related/analytical title | Լէօն Լէօնի |
| 740 02 - ADDED ENTRY--UNCONTROLLED RELATED/ANALYTICAL TITLE | |
| Uncontrolled related/analytical title | Աղքատ երիտասարդի մը վէպը |
| 942 ## - ADDED ENTRY ELEMENTS (KOHA) | |
| Source of classification or shelving scheme | Universal Decimal Classification |
| Koha item type | Գրքեր / Books |
| Withdrawn status | Lost status | Source of classification or shelving scheme | Damaged status | Not for loan | Collection | Home library | Current library | Date acquired | Serial enumeration / chronology | Inventory number | Total checkouts | Full call number | Barcode | Date last seen | Price effective from | Koha item type | Public note |
|---|---|---|---|---|---|---|---|---|---|---|---|---|---|---|---|---|---|
| Universal Decimal Classification | Zhamkochyan Individual collection | Fundamental Scientific Library | Fundamental Scientific Library | 13/05/2025 | Ալիգ 2 | Ժամ/2177 | Ժամ/407 | FL0690102 | 13/05/2025 | 13/05/2025 | Գրքեր / Books | ILL Non-Circ. |
ՀՀ Գիտությունների ազգային ակադեմիայի հիմնարար գիտական գրադարան = Fundamental Scientific Library of NAS RA
All site content, except where otherwise noted, is licensed under a